000 02647cam a22003974a 4500
001 15395497
005 20090901070730.0
008 080804s2009 maua 001 0 eng
010 _a 2008034342
020 _a0071276289
020 _a9780071276283
040 _aDLC
_cDLC
_dDLC
050 0 0 _aBF637.L4
_bM26 2009
082 0 0 _a158.4
_222
_bMAN
100 1 _aManning, George,
_d1957-
_922494
245 1 4 _aThe Art of Leadership /
_cGeorge Manning, Kent Curtis.
250 _a3rd ed.
260 _aBoston :
_bMcGraw-Hill Irwin,
_c2009.
300 _axv, 454 p. :
_bill. ;
_c28 cm.
504 _aIncludes bibliographical references p. 418-436 and index
650 0 _aLeadership.
_922495
650 0 _aManagement.
_922496
700 1 _aCurtis, Kent,
_d1939-
_922497
856 4 1 _3Table of contents only
_uhttp://www.loc.gov/catdir/toc/ecip0825/2008034342.html
942 _2ddc
_cNB
999 _c14990
_d14990